[Event "Asian Nation Cup Women 2018"]
[Site "Hamedan"]
[Date "2018.08.02"]
[Round "6"]
[White "Padmini, Rout"]
[Black "Dauletova, Gulmira"]
[Result "1-0"]
[WhiteElo "2338"]
[BlackElo "2287"]
[Annotator "NA"]
[PlyCount "101"]
[EventDate "2018.07.27"]
[EventType "swiss"]
[EventCountry "IRI"]
[SourceTitle "playchess.com"]
[Source "ChessBase"]
[SourceQuality "1"]
[WhiteTeam "India"]
[BlackTeam "Kazakhstan"]
[WhiteTeamCountry "IND"]
[BlackTeamCountry "KAZ"]
[TimeControl "40/5400+30:1800+30"]

1. e4 {[%emt 0:00:00]} c5 {[%emt 0:00:00]} 2. Nf3 {[%emt 0:00:00]} e6 {[%emt 0:00:00]} 3. d4 {[%emt 0:00:00]} cxd4 {[%emt 0:00:01]} 4. Nxd4 {[%emt 0:00:00]} Nc6 {[%emt 0:00:08]} 5. Nc3 {[%emt 0:00:00]} Qc7 {[%emt 0:00:32]} 6. Be3 {[%emt 0:00:02]} a6 {[%emt 0:00:14]} 7. Qf3 {[%emt 0:00:13] B48: Sizilianisch (Paulsen-Variante)} Nf6 {[%emt 0:00:18]} 8. O-O-O {[%emt 0:00:05]} Ne5 {[%emt 0:01:25] LiveBook: 76 Games} 9. Qg3 {[%emt 0:00:42]} b5 {[%emt 0:00:29]} 10. f4 {[%emt 0:00:13]} (10. a3 Bb7 11. Bxb5 Rc8 12. Ba4 Nxe4 13. Nxe4 Bxe4 14. Bf4 Qc4 15. Bxe5 Qxa4 {1-0 (38) Vachier Lagrave,M (2789)-Anand,V (2776) Karlsruhe/Baden-Baden 2018}) 10... Neg4 {[%emt 0:00:26]} 11. Bg1 {[%emt 0:00:56]} h5 {[%emt 0:00:45]} 12. h3 {[%emt 0:02:37]} b4 {[%emt 0:00:40]} 13. Nd5 $146 {[%emt 0:01:07]} ({Vorgänger:} 13. Nb1 Nxe4 14. Qe1 Qxf4+ {0-1 (41) Sylvan,J (2341)-Bjerre,J (2378) Ballerup 2018}) 13... Nxd5 {[%emt 0:00:29]} 14. exd5 {[%emt 0:04:34]} Nf6 {[%emt 0:00:09]} 15. dxe6 {[%emt 0:04:46]} dxe6 {[%emt 0:00:18]} 16. Bd3 {[%emt 0:07:02]} h4 {[%emt 0:02:17]} 17. Qf3 {[%emt 0:02:13]} Rb8 {[%emt 0:12:02] [#]} 18. f5 $1 {[%emt 0:11:13]} e5 {[%emt 0:14:12]} 19. Qc6+ {[%emt 0:07:16]} Qd7 {[%emt 0:00:48]} 20. Qxd7+ {[%emt 0:06:35]} Nxd7 {[%emt 0:08:34]} 21. Nc6 {[%emt 0:00:23]} Ra8 {[%emt 0:01:32]} 22. Bh2 {[%emt 0:14:30]} f6 {[%emt 0:31:11]} 23. Bc4 {[%emt 0:03:27]} a5 {[%emt 0:09:27]} 24. Rd2 {[%emt 0:14:02]} Bc5 {[%emt 0:05:45]} 25. Bg1 {[%emt 0:01:15]} Be7 $2 {[%emt 0:01:47]} (25... Bxg1 26. Rxg1 Ba6) 26. Be3 {[%emt 0:05:24]} Nf8 {[%emt 0:02:08]} 27. Bd5 $18 {[%emt 0:10:50]} Ra6 {[%emt 0:00:39]} 28. Rhd1 {[%emt 0:01:00]} Nd7 {[%emt 0:02:52]} 29. Nxe7 Kxe7 {[%emt 0:00:01]} 30. Bb7 {[%emt 0:01:43]} Nb8 {[%emt 0:01:48]} 31. Bc5+ {[%emt 0:00:34]} Kf7 {[%emt 0:00:07]} 32. Bd5+ {[%emt 0:00:37]} Ke8 {[%emt 0:00:04]} 33. Bc4 {[%emt 0:00:20]} Nc6 {[%emt 0:04:28]} 34. Bxa6 {[%emt 0:01:00]} Bxa6 {[%emt 0:00:04]} 35. Rd6 {[%emt 0:00:11]} Bb5 {[%emt 0:00:42]} 36. Re6+ {[%emt 0:00:24]} Kf7 {[%emt 0:00:05]} 37. Rd7+ {[%emt 0:00:07]} Kg8 {[%emt 0:00:02]} 38. Rb7 {[%emt 0:00:48]} Nd8 {[%emt 0:01:47]} 39. Rxb5 {[%emt 0:00:12]} Nxe6 {[%emt 0:00:02]} 40. fxe6 {[%emt 0:00:23]} Kh7 {[%emt 0:00:03]} 41. Rxa5 {[%emt 0:30:22]} e4 {[%emt 0:06:14]} 42. Bxb4 {[%emt 0:00:00]} Kg6 {[%emt 0:00:21]} 43. Rd5 {[%emt 0:00:00]} f5 {[%emt 0:04:12]} 44. e7 {[%emt 0:00:00]} Re8 {[%emt 0:00:35]} 45. Rd8 {[%emt 0:00:00]} Kf7 {[%emt 0:00:13]} 46. Rxe8 {[%emt 0:00:00]} Kxe8 {[%emt 0:00:03]} 47. a4 {[%emt 0:00:00]} f4 {[%emt 0:00:39]} 48. a5 {[%emt 0:00:00]} f3 {[%emt 0:01:10]} 49. gxf3 {[%emt 0:00:00]} exf3 {[%emt 0:00:02]} 50. Kd2 {[%emt 0:00:00]} g5 {[%emt 0:00:30]} 51. a6 {[%emt 0:00:00]} 1-0

[Event "Asian Nation Cup Women 2018"]
[Site "Hamedan"]
[Date "2018.08.02"]
[Round "6"]
[White "Vaishali R"]
[Black "Abdumalik, Zhansaya"]
[Result "0-1"]
[WhiteElo "2294"]
[BlackElo "2488"]
[Annotator "TA"]
[PlyCount "76"]
[EventDate "2018.07.27"]
[EventType "swiss"]
[EventCountry "IRI"]
[SourceTitle "playchess.com"]
[Source "ChessBase"]
[SourceQuality "1"]
[WhiteTeam "India"]
[BlackTeam "Kazakhstan"]
[WhiteTeamCountry "IND"]
[BlackTeamCountry "KAZ"]

{[%evp 16,76,30,29,57,19,28,21,27,0,4,0,20,25,37,-4,2,1,-6,-18,-13,-11,-19,-12,-11,-14,-9,-12,-9,-9,-9,-20,-3,-15,-12,-89,-12,-52,-61,-62,-56,-54,-61,-75,-64,-115,-119,-119,-114,-189,-189,-189,-191,-190,-187,-167,-164,-1256,-1249,-29966,-29969,-5397,-533]} 1. Nf3 Nf6 {[%cal Bg8f6,Bf6d5,Bd5b4][%mdl 32]} 2. c4 c5 3. Nc3 d5 4. cxd5 Nxd5 5. e4 Nb4 6. Bb5+ Bd7 7. a3 {A34: Symmetrical English: 2 Nc3, lines with ...d5} N4c6 8. d4 cxd4 9. Nxd4 {LiveBook: 13 Games. White has an edge.} a6 {...Nxd4 is the strong threat.} (9... Nxd4 10. Qxd4 Nc6 11. Qe3 g6 12. O-O Bg7 13. Rd1 O-O 14. Bxc6 bxc6 {0-1 (54) Pelletier,Y (2541)-Nepomniachtchi,I (2751) Zuerich 2017}) 10. Bc4 $146 ({Predecessor:} 10. Be2 Nxd4 11. Qxd4 Nc6 12. Qd1 g6 13. Be3 Bg7 14. Nd5 O-O {½-½ (22) Stella,A (2084)-Vincenzi,M (2057) Verona 2007}) 10... Nxd4 11. Qxd4 Nc6 12. Qd2 (12. Qd1 {looks sharper.} e6 13. Be3 b5 14. Ba2 Be7 15. O-O) 12... e6 13. O-O b5 14. Ba2 Bc5 15. b4 Bd4 16. Bb2 O-O 17. Rfd1 Qh4 18. Nxb5 Bxb2 19. Qxb2 {Black must now prevent Nc7.} axb5 20. Rxd7 Qxe4 21. Rad1 Qe5 22. Qc2 Rac8 {[%cal Ba8c8,Bc8d8,Bd8d3][%mdl 32]} 23. Qd2 g6 24. Re1 Qf6 25. Bb1 (25. h3 $11) 25... Rfd8 (25... Ne5 $17 26. Rb7 Rfd8) 26. Be4 Ne5 27. Rxd8+ Rxd8 28. Qc3 Kg7 29. h4 {[#]} Rd3 $1 {[%mdl 512]} 30. Qc5 (30. Bxd3 $2 {too greedy.} Nf3+ 31. gxf3 Qxc3 $19) (30. Qc1 $15) 30... Rxa3 $17 31. h5 {Hoping for h6+!} Ng4 {Strongly threatening ...Re3!} 32. h6+ (32. Bf3 $17 Ra1 33. h6+ Nxh6 34. Rxa1 Qxa1+ 35. Kh2) 32... Nxh6 $19 33. Qxb5 Ra2 $40 {[%mdl 128] Black goes for the king.} 34. Bf3 Nf5 35. Qc4 Rb2 36. Be4 $2 {[#]} (36. Rd1) 36... Ne3 $1 {[%mdl 512]} 37. fxe3 (37. Rxe3 Qxf2+) 37... Qf2+ 38. Kh2 Qh4+ {Precision: White = 39%, Black = 67%.} 0-1

[Event "Asian Nation Cup Women 2018"]
[Site "Hamedan"]
[Date "2018.08.02"]
[Round "6"]
[White "Kurbonboeva, Sarvinoz"]
[Black "Alinasab, Mobina"]
[Result "1/2-1/2"]
[WhiteElo "2241"]
[BlackElo "2281"]
[Annotator "NA"]
[PlyCount "107"]
[EventDate "2018.07.27"]
[EventType "swiss"]
[EventCountry "IRI"]
[SourceTitle "playchess.com"]
[Source "ChessBase"]
[SourceQuality "1"]
[WhiteTeam "Uzbekistan"]
[BlackTeam "Iran"]
[WhiteTeamCountry "UZB"]
[BlackTeamCountry "IRI"]
[TimeControl "40/5400+30:1800+30"]

1. c4 {[%emt 0:00:00] Metz Alekhine/Primel,D} e5 {[%emt 0:00:00]} 2. Nc3 {[%emt 0:00:00]} d6 {[%emt 0:00:00]} 3. g3 {[%emt 0:01:17]} f5 {[%emt 0:00:09]} 4. Bg2 {[%emt 0:00:49]} Nf6 {[%emt 0:00:30]} 5. d3 {[%emt 0:05:11]} c6 {[%emt 0:01:22]} 6. e4 {[%emt 0:03:25]} Be7 {[%emt 0:00:20]} 7. Nge2 {[%emt 0:02:01]} O-O {[%emt 0:00:33] A21: English Opening: 1...e5 2 Nc3} 8. O-O {[%emt 0:00:46]} Na6 {[%emt 0:00:47]} 9. d4 {[%emt 0:16:52]} Qe8 {[%emt 0:13:47]} 10. c5 {[%emt 0:28:42]} exd4 $146 {[%emt 0:02:34]} ({Predecessor:} 10... Nxe4 11. Nxe4 fxe4 12. cxd6 Bxd6 13. Nc3 exd4 14. Qxd4 {½-½ (72) Colovic,A (2436)-Solodovnichenko,Y (2615) Metz 2012 EXT 2013 [Metz Alekhine/Primel,D]}) 11. cxd6 {[%emt 0:08:15]} Bxd6 {[%emt 0:05:14]} 12. Qxd4 {[%emt 0:04:07]} Bc5 {[%emt 0:02:03]} 13. Qd3 {[%emt 0:01:39]} fxe4 {[%emt 0:13:33]} 14. Nxe4 {[%emt 0:00:31]} Nxe4 {[%emt 0:00:09]} 15. Qxe4 {[%emt 0:04:26]} Bf5 {[%emt 0:03:32]} 16. Qc4+ {[%emt 0:01:44]} Be6 {[%emt 0:00:44]} 17. Qc2 {[%emt 0:01:00]} Qf7 {[%emt 0:02:20]} 18. Bf4 {[%emt 0:06:00]} Bf5 {[%emt 0:00:53]} 19. Qc3 {[%emt 0:01:32]} Rad8 {[%emt 0:07:31]} 20. Rad1 {[%emt 0:09:20]} Bg4 {[%emt 0:00:26]} 21. Rxd8 {[%emt 0:00:46]} Rxd8 {[%emt 0:00:02]} 22. Nc1 {[%emt 0:00:20]} Bd4 {[%emt 0:01:15]} 23. Qd2 {[%emt 0:01:04]} Bf6 {[%emt 0:01:31]} 24. Qe3 {[%emt 0:01:00]} Bxb2 {[%emt 0:01:58]} 25. Nb3 {[%emt 0:00:44]} Be6 {[%emt 0:02:38]} 26. Qxa7 {[%emt 0:00:56]} Bxb3 {[%emt 0:00:57]} 27. Qb6 {[%emt 0:00:01]} Rd7 {[%emt 0:06:12]} 28. Qxb3 {[%emt 0:00:48]} Qxb3 {[%emt 0:02:12]} 29. axb3 {[%emt 0:00:00]} Nb4 {[%emt 0:01:10]} 30. Bh3 {[%emt 0:01:05]} Rd8 {[%emt 0:00:21]} 31. Be6+ {[%emt 0:00:34]} Kh8 $14 {[%emt 0:00:39]} 32. Be3 {[%emt 0:00:23]} Nd5 {[%emt 0:01:15]} 33. Rd1 {[%emt 0:00:31]} Bf6 {[%emt 0:00:02]} 34. Bc5 {[%emt 0:00:32]} g5 {[%emt 0:03:44]} 35. f3 {[%emt 0:00:27]} Kg7 {[%emt 0:00:49]} 36. Kf2 {[%emt 0:00:19]} b6 {[%emt 0:00:11]} 37. Be3 {[%emt 0:00:41]} Rd6 {[%emt 0:02:43]} 38. Bh3 {[%emt 0:00:34]} c5 {[%emt 0:00:44]} 39. f4 {[%emt 0:00:28]} gxf4 {[%emt 0:01:14]} 40. gxf4 {[%emt 0:00:01]} Rd8 {[%emt 0:00:42]} 41. Be6 {[%emt 0:30:53]} Nc7 {[%emt 0:35:34]} 42. Rg1+ {[%emt 0:00:44]} Kh8 {[%emt 0:01:04]} 43. Bf7 {[%emt 0:00:00]} Rf8 {[%emt 0:00:00]} 44. Bc4 {[%emt 0:00:00]} Rd8 {[%emt 0:00:00]} 45. Kf3 {[%emt 0:00:00]} Bg7 {[%emt 0:00:00]} 46. h4 {[%emt 0:00:00]} Ne8 {[%emt 0:00:00]} 47. Rg2 {[%emt 0:00:00]} Nd6 {[%emt 0:00:00]} 48. Rd2 {[%emt 0:00:00]} Bf6 {[%emt 0:00:00]} 49. h5 {[%emt 0:00:00]} Nf5 {[%emt 0:00:00]} 50. Rxd8+ {[%emt 0:00:00]} Bxd8 {[%emt 0:00:00]} 51. Be6 {[%emt 0:00:00]} Ng7 {[%emt 0:00:00]} 52. Bf7 {[%emt 0:00:00]} Nf5 {[%emt 0:00:00]} 53. Be6 {[%emt 0:00:00]} Ng7 {[%emt 0:00:00]} 54. Bf7 {[%emt 0:00:00]} 1/2-1/2

[Event "Asian Nation Cup Women 2018"]
[Site "Hamedan"]
[Date "2018.08.02"]
[Round "6"]
[White "Zahedifar, Anahita"]
[Black "Gevorgyan, Irina"]
[Result "1/2-1/2"]
[WhiteElo "2101"]
[BlackElo "2254"]
[Annotator "RC"]
[PlyCount "51"]
[EventDate "2018.07.27"]
[EventType "swiss"]
[EventCountry "IRI"]
[SourceTitle "playchess.com"]
[Source "ChessBase"]
[SourceQuality "1"]
[WhiteTeam "Iran"]
[BlackTeam "Uzbekistan"]
[WhiteTeamCountry "IRI"]
[BlackTeamCountry "UZB"]
[TimeControl "40/5400+30:1800+30"]

1. d4 {[%emt 0:00:00]} d5 {[%emt 0:00:00]} 2. c4 {[%emt 0:00:00]} e6 {[%emt 0:00:00]} 3. Nc3 {[%emt 0:00:00]} c6 {[%emt 0:00:54]} 4. e4 {[%emt 0:00:03]} dxe4 {[%emt 0:00:05]} 5. Nxe4 {[%emt 0:00:05]} Bb4+ {[%emt 0:01:10]} 6. Bd2 {[%emt 0:00:12]} Qxd4 {[%emt 0:16:04]} 7. Bxb4 {[%emt 0:00:05]} Qxe4+ {[%emt 0:00:04]} 8. Ne2 {[%emt 0:00:32]} Na6 {[%emt 0:00:21]} 9. Bf8 {[%emt 0:00:29]} Qg6 {[%emt 0:01:26]} 10. Qd6 {[%emt 0:02:38]} f5 {[%emt 0:00:06]} 11. O-O-O {[%emt 0:01:09]} Qf6 {[%emt 0:00:11]} 12. Qd8+ {[%emt 0:00:18]} Kf7 {[%emt 0:00:47]} 13. Ba3 {[%emt 0:11:24]} Qxd8 {[%emt 0:00:18]} 14. Rxd8 {[%emt 0:00:01]} c5 {[%emt 0:00:12]} 15. b3 {[%emt 0:02:36]} Ke7 {[%emt 0:07:57]} 16. Bb2 {[%emt 0:01:19]} Kxd8 {[%emt 0:00:46]} 17. Bxg7 {[%emt 0:00:06]} Ke7 {[%emt 0:00:07]} 18. Bxh8 {[%emt 0:01:20]} Nf6 {[%emt 0:00:40]} 19. Bxf6+ {[%emt 0:05:49]} Kxf6 {[%emt 0:00:08]} 20. g3 {[%emt 0:01:51]} Nb4 {[%emt 0:14:03]} 21. Nc3 {[%emt 0:08:06]} Bd7 {[%emt 0:03:02]} 22. Bg2 {[%emt 0:04:12]} Rb8 {[%emt 0:16:12]} 23. Rd1 {[%emt 0:05:27]} Ke7 {[%emt 0:01:15]} 24. f4 {[%emt 0:01:25]} a6 {[%emt 0:07:05]} 25. a3 {[%emt 0:15:20]} Nc6 {[%emt 0:00:18]} 26. Re1 {[%emt 0:04:08]} 1/2-1/2

[Event "Asian Nation Cup Women 2018"]
[Site "Hamedan"]
[Date "2018.08.02"]
[Round "6"]
[White "Baymuratova, Sevara"]
[Black "Hamedi Nia, Vesal"]
[Result "1-0"]
[WhiteElo "2099"]
[BlackElo "2066"]
[Annotator "NA"]
[PlyCount "55"]
[EventDate "2018.07.27"]
[EventType "swiss"]
[EventCountry "IRI"]
[SourceTitle "playchess.com"]
[Source "ChessBase"]
[SourceQuality "1"]
[WhiteTeam "Uzbekistan"]
[BlackTeam "Iran"]
[WhiteTeamCountry "UZB"]
[BlackTeamCountry "IRI"]
[TimeControl "40/5400+30:1800+30"]

1. d4 {[%emt 0:00:00]} d5 {[%emt 0:00:00]} 2. Nf3 {[%emt 0:00:00]} Nf6 {[%emt 0:00:00]} 3. c4 {[%emt 0:00:00]} e6 {[%emt 0:00:00]} 4. Nc3 {[%emt 0:01:20]} Be7 {[%emt 0:00:11]} 5. Bg5 {[%emt 0:00:14]} O-O {[%emt 0:00:14]} 6. e3 {[%emt 0:00:10]} h6 {[%emt 0:00:39]} 7. Bh4 {[%emt 0:00:08]} b6 {[%emt 0:01:05]} 8. Rc1 {[%emt 0:03:24]} Bb7 {[%emt 0:00:57]} 9. cxd5 {[%emt 0:00:41]} Nxd5 {[%emt 0:00:57]} 10. Bg3 {[%emt 0:06:45]} c5 {[%emt 0:12:21]} 11. Be2 {[%emt 0:04:46]} Nd7 {[%emt 0:13:47]} 12. O-O {[%emt 0:01:28]} N7f6 {[%emt 0:04:08]} 13. dxc5 {[%emt 0:03:32]} Bxc5 {[%emt 0:00:40]} 14. Nxd5 {[%emt 0:06:14]} Bxd5 {[%emt 0:07:28]} 15. a3 $11 {[%emt 0:00:10]} Ne4 {[%emt 0:05:55]} 16. Be5 {[%emt 0:01:47]} Qd7 {[%emt 0:10:00]} 17. b4 {[%emt 0:05:02]} Bd6 {[%emt 0:01:40]} 18. Qd4 {[%emt 0:07:07]} Bxe5 {[%emt 0:02:02]} 19. Nxe5 {[%emt 0:00:08]} Qb7 {[%emt 0:00:19]} 20. f3 {[%emt 0:02:02]} Nf6 {[%emt 0:21:11]} 21. e4 {[%emt 0:01:42]} Bb3 {[%emt 0:04:29]} 22. b5 {[%emt 0:13:20]} Qe7 {[%emt 0:09:13]} 23. Qb2 {[%emt 0:00:18]} Ba4 {[%emt 0:03:32]} 24. Nc6 {[%emt 0:06:17]} Qd7 {[%emt 0:00:37]} 25. Rc4 {[%emt 0:01:04]} a6 {[%emt 0:00:30]} 26. Rxa4 {[%emt 0:00:16]} axb5 {[%emt 0:00:16]} 27. Rxa8 {[%emt 0:00:23]} Rxa8 {[%emt 0:00:05]} 28. Bxb5 {[%emt 0:00:10]} 1-0

[Event "Asian Nation Cup Women 2018"]
[Site "Hamedan"]
[Date "2018.08.03"]
[Round "7"]
[White "Harika, Dronavalli"]
[Black "Khademalsharieh, Sarasadat"]
[Result "1/2-1/2"]
[WhiteElo "2494"]
[BlackElo "2408"]
[Annotator "TA"]
[PlyCount "26"]
[EventDate "2018.07.27"]
[EventType "swiss"]
[EventCountry "IRI"]
[SourceTitle "playchess.com"]
[Source "ChessBase"]
[SourceQuality "1"]
[WhiteTeam "India"]
[BlackTeam "Iran"]
[WhiteTeamCountry "IND"]
[BlackTeamCountry "IRI"]

{[%evp 17,26,12,7,-2,-3,-10,-22,-20,-16,-9,0]} 1. Nf3 d5 2. b3 Nf6 3. Bb2 g6 4. g3 Bg7 5. Bg2 O-O 6. c4 dxc4 7. bxc4 c5 8. O-O Nc6 9. d3 Bg4 {LiveBook: 4 Games. The position is equal. A05: Réti Opening: 1 Nf3 Nf6} (9... Rb8 10. Nc3 b6 11. e3 Bb7 12. Qe2 e6 13. Rfd1 Qe7 14. Rac1 Rfd8 15. d4 Na5 16. Ba3 Nd7 17. Nb5 {1-0 (70) Edouard,R (2636)-Bartel,M (2622) Berlin 2015}) 10. Nbd2 Qc7 11. h3 Bd7 12. Rb1 Rad8 13. Qc1 $146 ({Predecessor:} 13. Ba1 Bc8 14. Qc1 e5 15. Re1 Rfe8 16. Ng5 Nd4 17. Nge4 Nxe4 18. Nxe4 {1-0 (45) Ianov,V (2361)-Matorin,E (2226) Kiev 2010}) 13... Ra8 1/2-1/2

[Event "Asian Nation Cup Women 2018"]
[Site "Hamedan"]
[Date "2018.08.03"]
[Round "7"]
[White "Wang, Jue"]
[Black "Kurbonboeva, Sarvinoz"]
[Result "1/2-1/2"]
[WhiteElo "2370"]
[BlackElo "2241"]
[Annotator "NA"]
[PlyCount "37"]
[EventDate "2018.07.27"]
[EventType "swiss"]
[EventCountry "IRI"]
[SourceTitle "playchess.com"]
[Source "ChessBase"]
[SourceQuality "1"]
[WhiteTeam "China"]
[BlackTeam "Uzbekistan"]
[WhiteTeamCountry "CHN"]
[BlackTeamCountry "UZB"]
[TimeControl "40/5400+30:1800+30"]

1. e4 {[%emt 0:00:00]} c5 {[%emt 0:00:00]} 2. Nc3 {[%emt 0:00:02]} d6 {[%emt 0:00:14]} 3. Nge2 {[%emt 0:00:12]} Nc6 {[%emt 0:01:35]} 4. d4 {[%emt 0:00:09]} cxd4 {[%emt 0:00:19]} 5. Nxd4 {[%emt 0:00:06]} g6 {[%emt 0:01:02]} 6. Be3 {[%emt 0:01:58]} Nf6 {[%emt 0:01:04]} 7. f3 {[%emt 0:00:35]} Bg7 {[%emt 0:00:22]} 8. Qd2 {[%emt 0:00:07]} O-O {[%emt 0:00:28]} 9. O-O-O {[%emt 0:00:27]} d5 {[%emt 0:00:34]} 10. Qe1 {[%emt 0:00:03]} e5 {[%emt 0:00:32]} 11. Nxc6 {[%emt 0:00:07]} bxc6 {[%emt 0:00:07]} 12. exd5 {[%emt 0:00:02]} Nxd5 {[%emt 0:00:17]} 13. Bc4 {[%emt 0:00:20]} Be6 {[%emt 0:01:56]} 14. Ne4 {[%emt 0:00:16]} Qc7 {[%emt 0:03:18]} 15. Bc5 {[%emt 0:00:29]} Rfd8 {[%emt 0:00:20]} 16. Kb1 {[%emt 0:00:38]} Nf4 {[%emt 0:08:00]} 17. Bxe6 {[%emt 0:00:11]} Rxd1+ {[%emt 0:00:35]} 18. Qxd1 {[%emt 0:00:04]} Nxe6 {[%emt 0:00:10]} 19. Qd6 {[%emt 0:00:05]} 1/2-1/2

[Event "Asian Nation Cup Women 2018"]
[Site "Hamedan"]
[Date "2018.08.03"]
[Round "7"]
[White "Tokhirjonova, Gulrukhbegim"]
[Black "Shen, Yang"]
[Result "1/2-1/2"]
[WhiteElo "2350"]
[BlackElo "2462"]
[Annotator "TA"]
[PlyCount "22"]
[EventDate "2018.07.27"]
[EventType "swiss"]
[EventCountry "IRI"]
[SourceTitle "playchess.com"]
[Source "ChessBase"]
[SourceQuality "1"]
[WhiteTeam "Uzbekistan"]
[BlackTeam "China"]
[WhiteTeamCountry "UZB"]
[BlackTeamCountry "CHN"]

{[%evp 15,22,-7,88,-4,8,-29,-4,-17,-5]} 1. e4 e5 2. Nf3 Nc6 3. Bb5 Nf6 4. d3 Bc5 5. O-O Nd4 6. Nxd4 Bxd4 7. c3 {C65: Ruy Lopez: Berlin Defence (3...Nf6), unusual lines and 4 0-0 Bc5} (7. Ba4 O-O 8. Nd2 d5 9. exd5 Qxd5 10. Bb3 Qc6 11. Qf3 Bd7 12. h3 Rae8 13. Re1 b5 14. Qxc6 Bxc6 {½-½ (78) Caruana,F (2816)-Karjakin,S (2782) Paris 2018}) 7... Bb6 8. d4 c6 {LiveBook: 4 Games} (8... O-O $11 {remains equal.}) 9. Ba4 ({White should try} 9. dxe5 $16 cxb5 10. exf6 Qxf6 11. Na3) 9... d6 10. dxe5 $146 ({Predecessor:} 10. d5 Bd7 11. dxc6 Bxc6 12. Bg5 {1-0 (27) Arribas Robaina,M (2270)-Rua,N Elista 1998}) 10... dxe5 11. Qxd8+ Bxd8 1/2-1/2

[Event "Asian Nation Cup Women 2018"]
[Site "Hamedan"]
[Date "2018.08.03"]
[Round "7"]
[White "Padmini, Rout"]
[Black "Alinasab, Mobina"]
[Result "1/2-1/2"]
[WhiteElo "2338"]
[BlackElo "2281"]
[Annotator "NA"]
[PlyCount "24"]
[EventDate "2018.07.27"]
[EventType "swiss"]
[EventCountry "IRI"]
[SourceTitle "playchess.com"]
[Source "ChessBase"]
[SourceQuality "1"]
[WhiteTeam "India"]
[BlackTeam "Iran"]
[WhiteTeamCountry "IND"]
[BlackTeamCountry "IRI"]
[TimeControl "40/5400+30:1800+30"]

1. e4 {[%emt 0:00:00]} e6 {[%emt 0:00:00]} 2. d4 {[%emt 0:00:00]} d5 {[%emt 0:00:00]} 3. exd5 {[%emt 0:00:00]} exd5 {[%emt 0:00:00]} 4. Nf3 {[%emt 0:00:00]} Nc6 {[%emt 0:00:00]} 5. Be2 {[%emt 0:00:09]} Bd6 {[%emt 0:00:18]} 6. Nc3 {[%emt 0:00:22]} Nf6 {[%emt 0:01:54]} 7. O-O {[%emt 0:01:05]} O-O {[%emt 0:00:41]} 8. Nb5 {[%emt 0:02:54]} Ne4 {[%emt 0:01:31]} 9. c4 {[%emt 0:01:50]} dxc4 {[%emt 0:01:44]} 10. Bxc4 {[%emt 0:00:07]} a6 {[%emt 0:01:27]} 11. Nc3 {[%emt 0:00:49]} Nxc3 {[%emt 0:04:04]} 12. bxc3 {[%emt 0:00:03]} Bg4 {[%emt 0:01:13]} 1/2-1/2

[Event "Asian Nation Cup Women 2018"]
[Site "Hamedan"]
[Date "2018.08.03"]
[Round "7"]
[White "Hejazipour, Mitra"]
[Black "Karavade, Eesha"]
[Result "1/2-1/2"]
[WhiteElo "2276"]
[BlackElo "2378"]
[Annotator "NA"]
[PlyCount "22"]
[EventDate "2018.07.27"]
[EventType "swiss"]
[EventCountry "IRI"]
[SourceTitle "playchess.com"]
[Source "ChessBase"]
[SourceQuality "1"]
[WhiteTeam "Iran"]
[BlackTeam "India"]
[WhiteTeamCountry "IRI"]
[BlackTeamCountry "IND"]
[TimeControl "40/5400+30:1800+30"]

1. d4 {[%emt 0:00:00]} Nf6 {[%emt 0:00:00]} 2. c4 {[%emt 0:00:00]} e6 {[%emt 0:00:00]} 3. Nf3 {[%emt 0:00:00]} d5 {[%emt 0:00:00]} 4. g3 {[%emt 0:00:59]} Be7 {[%emt 0:00:32]} 5. Bg2 {[%emt 0:00:34]} O-O {[%emt 0:00:42]} 6. O-O {[%emt 0:00:16]} dxc4 {[%emt 0:00:38]} 7. Qc2 {[%emt 0:01:52]} a6 {[%emt 0:02:28]} 8. a4 {[%emt 0:01:04]} Bd7 {[%emt 0:00:26]} 9. Qxc4 {[%emt 0:01:41]} Bc6 {[%emt 0:00:06]} 10. Bg5 {[%emt 0:01:32]} h6 {[%emt 0:01:03]} 11. Bxf6 {[%emt 0:01:11]} Bxf6 {[%emt 0:00:34]} 1/2-1/2

[Event "Asian Nation Cup Women 2018"]
[Site "Hamedan"]
[Date "2018.08.03"]
[Round "7"]
[White "Nadirjanova, Nodira"]
[Black "Guo, Qi"]
[Result "1/2-1/2"]
[WhiteElo "2180"]
[BlackElo "2361"]
[Annotator "NA"]
[PlyCount "23"]
[EventDate "2018.07.27"]
[EventType "swiss"]
[EventCountry "IRI"]
[SourceTitle "playchess.com"]
[Source "ChessBase"]
[SourceQuality "1"]
[WhiteTeam "Uzbekistan"]
[BlackTeam "China"]
[WhiteTeamCountry "UZB"]
[BlackTeamCountry "CHN"]
[TimeControl "40/5400+30:1800+30"]

1. Nf3 {[%emt 0:00:00]} Nf6 {[%emt 0:00:00]} 2. c4 c5 {[%emt 0:00:32]} 3. e3 {[%emt 0:01:09]} g6 {[%emt 0:00:27]} 4. Nc3 {[%emt 0:01:04]} Bg7 {[%emt 0:00:32]} 5. Be2 {[%emt 0:00:32]} O-O {[%emt 0:00:25]} 6. O-O {[%emt 0:00:20]} d5 {[%emt 0:00:31]} 7. d4 {[%emt 0:00:31]} cxd4 {[%emt 0:02:15]} 8. Nxd4 {[%emt 0:00:31]} Nc6 {[%emt 0:05:25]} 9. cxd5 {[%emt 0:05:20]} Nxd5 {[%emt 0:00:04]} 10. Nxc6 {[%emt 0:00:17]} bxc6 {[%emt 0:00:04]} 11. Nxd5 {[%emt 0:00:10]} cxd5 {[%emt 0:00:19]} 12. Bf3 1/2-1/2